| 000 -LEADER |
| fixed length control field |
01147cam a2200313 a 4500 |
| 003 - CONTROL NUMBER IDENTIFIER |
| control field |
OSt |
| 005 - DATE AND TIME OF LATEST TRANSACTION |
| control field |
20210223120214.0 |
| 008 - FIXED-LENGTH DATA ELEMENTS--GENERAL INFORMATION |
| fixed length control field |
020711s2002 enka 000 0 eng d |
| 010 ## - LIBRARY OF CONGRESS CONTROL NUMBER |
| LC control number |
2002284327 |
| 020 ## - INTERNATIONAL STANDARD BOOK NUMBER |
| International Standard Book Number |
0470843209 |
| 035 ## - SYSTEM CONTROL NUMBER |
| System control number |
(OCoLC)ocm48110420 |
| 040 ## - CATALOGING SOURCE |
| Original cataloging agency |
UKM |
| Transcribing agency |
UKM |
| Modifying agency |
C#P |
| -- |
DLC |
| 042 ## - AUTHENTICATION CODE |
| Authentication code |
lccopycat |
| 050 00 - LIBRARY OF CONGRESS CALL NUMBER |
| Item number |
.C6595 2002 |
| 082 00 - DEWEY DECIMAL CLASSIFICATION NUMBER |
| Classification number |
720 |
| Edition number |
21 |
| 245 00 - TITLE STATEMENT |
| Title |
Contemporary techniques in architecture / |
| Statement of responsibility, etc |
guest-edited by Ali Rahim. |
| 260 ## - PUBLICATION, DISTRIBUTION, ETC. (IMPRINT) |
| Place of publication, distribution, etc |
London ; |
| -- |
New York : |
| Name of publisher, distributor, etc |
Wiley-Academy, |
| Date of publication, distribution, etc |
c2002. |
| 300 ## - PHYSICAL DESCRIPTION |
| Extent |
127 p. : |
| Other physical details |
ill. (some col.) ; |
| Dimensions |
29 cm. |
| 490 1# - SERIES STATEMENT |
| Series statement |
Profile ; |
| Volume number/sequential designation |
no. 155 |
| 500 ## - GENERAL NOTE |
| General note |
At head of title: Architectural design. |
| 500 ## - GENERAL NOTE |
| General note |
Published as part of Architectural design, v. 72, no. 1 (Jan. 2002). |
| 650 #0 - SUBJECT ADDED ENTRY--TOPICAL TERM |
| Topical term or geographic name as entry element |
Architectural design |
| General subdivision |
History |
| Chronological subdivision |
20th century. |
| 700 1# - ADDED ENTRY--PERSONAL NAME |
| Personal name |
Rahim, Ali. |
| 730 0# - ADDED ENTRY--UNIFORM TITLE |
| Uniform title |
Architectural design (London, England : 1971) |
| 830 #0 - SERIES ADDED ENTRY--UNIFORM TITLE |
| Uniform title |
Architectural design profile ; |
| Volume number/sequential designation |
155. |
| 856 42 - ELECTRONIC LOCATION AND ACCESS |
| Materials specified |
Publisher description |
| Uniform Resource Identifier |
<a href="http://www.loc.gov/catdir/description/wiley036/2002284327.html">http://www.loc.gov/catdir/description/wiley036/2002284327.html</a> |
| 856 41 - ELECTRONIC LOCATION AND ACCESS |
| Materials specified |
Table of contents |
| Uniform Resource Identifier |
<a href="http://www.loc.gov/catdir/toc/wiley023/2002284327.html">http://www.loc.gov/catdir/toc/wiley023/2002284327.html</a> |
| 942 ## - ADDED ENTRY ELEMENTS (KOHA) |
| Source of classification or shelving scheme |
|